Standard method of measurement of civil engineering quantities (with metrication addendum) (Record no. 96405)

MARC details
000 -LEADER
fixed length control field 00520cam a2200181 4500
001 - CONTROL NUMBER
control field D5962
008 - FIXED-LENGTH DATA ELEMENTS--GENERAL INFORMATION
fixed length control field 090401t1953 xxu||||| |||| 00| 0 eng d
035 ## - SYSTEM CONTROL NUMBER
System control number (Sirsi) u78215
041 ## - LANGUAGE CODE
Language code of text/sound track or separate title eng
050 ## - LIBRARY OF CONGRESS CALL NUMBER
Classification number 624.03
110 ## - MAIN ENTRY--CORPORATE NAME
Corporate name or jurisdiction name as entry element The Institution of Civil Engineers
9 (RLIN) 1317
245 ## - TITLE STATEMENT
Title Standard method of measurement of civil engineering quantities (with metrication addendum)
260 ## - PUBLICATION, DISTRIBUTION, ETC.
Place of publication, distribution, etc. London
Name of publisher, distributor, etc. Institution of Civil Engineers
Date of publication, distribution, etc. 1953
300 ## - PHYSICAL DESCRIPTION
Extent vi. 27p. 34cm
350 ## - PRICE (NR) (BK AM CF MU VM SE) [OBSOLETE]
Price 0.2
942 ## - ADDED ENTRY ELEMENTS (KOHA)
Suppress in OPAC 0
948 ## - LOCAL PROCESSING INFORMATION (OCLC); SERIES PART DESIGNATOR (RLIN)
c (OCLC) 04/03/1997
Holdings
Withdrawn status Lost status Source of classification or shelving scheme Damaged status Not for loan Home library Current library Shelving location Date acquired Cost, normal purchase price Total Checkouts Full call number Barcode Date last seen Copy number Cost, replacement price Price effective from Koha item type
    Dewey Decimal Classification     London London Basement 14/09/1999 0.20   SHELF 309 30008315 06/08/2019 1 0.20 06/08/2019 Book